00510nam a2200193 a 4500001001300000003000900013005001700022008004100039020001000080082001700090100003000107245002200137260004700159300000900206500003500215505001300250650002300263700003000286nice12345678IN_TiNIC20260116011304.0050524s0000 laha grp 000 0 urd  ac10000a297.409bATT aAttar, Shaikh Fareeduddin aTazkiratul Awliya aLahorebAllah Waaley Ki Qawmi Dukaanc0000 a620p aincludes index and biblioraphy2 aAppendix aSufism-Hagiography1 aAttar, Shaikh Fareeduddin